[Event "AUT-chT2M 1112"]
[Site "Austria"]
[Date "2012.03.04"]
[Round "9.3"]
[White "Jovanovic, Zoran"]
[Black "Radnetter, Georg"]
[Result "1-0"]
[WhiteElo "2589"]
[BlackElo "2269"]
[PlyCount "83"]
[EventDate "2011.10.21"]
[EventType "team-tourn"]
[EventRounds "11"]
[EventCountry "AUT"]
[SourceTitle "EXT 2013"]
[Source "ChessBase"]
[SourceDate "2012.11.22"]
[SourceVersion "1"]
[SourceVersionDate "2012.11.22"]
[SourceQuality "1"]
[WhiteTeam "Wolfsberg"]
[BlackTeam "Fuerstenfeld"]
[WhiteTeamCountry "AUT"]
[BlackTeamCountry "AUT"]

1. e4 e6 2. d4 d5 3. Nc3 Nf6 4. Bg5 dxe4 5. Nxe4 Nbd7 6. Nf3 h6 7. Nxf6+ Nxf6 8. Be3 Nd5 9. Bd2 c5 10. Bb5+ Bd7 11. Qe2 Bxb5 12. Qxb5+ Qd7 13. Qxd7+ Kxd7 14. c4 Nb6 15. Ne5+ Ke8 16. dxc5 Bxc5 17. Nd3 Bd4 18. Rc1 Kd7 19. Ke2 e5 20. Rhd1 Rac8 21. Bc3 Bxc3 22. Rxc3 Ke6 23. b4 Rc7 24. Nc5+ Ke7 25. Rdc1 Re8 26. Re3 Kf6 27. g3 Rd8 28. Ne4+ Kg6 29. Nd2 Rcd7 30. Nb3 f6 31. Rc2 Rc7 32. Rd3 Rxd3 33. Kxd3 Kf5 34. c5 e4+ 35. Ke2 Ke5 36. f4+ exf3+ 37. Kxf3 Nd7 38. Rd2 a6 39. Na5 Ke6 40. Ke3 b6 41. Rd6+ Ke7 42. Rxb6 1-0

[Event "AUT-chT 1112"]
[Site "Austria"]
[Date "2012.01.21"]
[Round "2.6"]
[White "Hebesberger, Thomas"]
[Black "Radnetter, Georg"]
[Result "1-0"]
[WhiteElo "2329"]
[BlackElo "2269"]
[PlyCount "89"]
[EventDate "2012.01.20"]
[EventType "team-tourn"]
[EventRounds "11"]
[EventCountry "AUT"]
[SourceTitle "CBM 146 Extra"]
[Source "ChessBase"]
[SourceDate "2012.02.29"]
[SourceVersion "1"]
[SourceVersionDate "2012.02.29"]
[SourceQuality "1"]
[WhiteTeam "St Veit/Glan"]
[BlackTeam "Fuerstenfeld"]
[WhiteTeamCountry "AUT"]
[BlackTeamCountry "AUT"]

1. Nf3 Nf6 2. d4 e6 3. e3 b6 4. b3 Bb7 5. Bb2 c5 6. Bd3 Be7 7. 0-0 0-0 8. Nbd2 d6 9. Qe2 Nbd7 10. c4 Qc7 11. Rac1 Rfe8 12. Rfd1 Rad8 13. Nf1 Be4 14. Bxe4 Nxe4 15. Ng3 Nxg3 16. hxg3 Bf6 17. Ba3 g6 18. d5 e5 19. e4 Bg7 20. g4 Nf6 21. Nh2 h5 22. Rc3 Nxg4 23. Nxg4 hxg4 24. Qxg4 Bh6 25. Rh3 Kg7 26. g3 Qd7 27. Qxd7 Rxd7 28. Kg2 Rh8 29. Rdh1 Rdd8 30. f4 f6 31. Bb2 a5 32. Bc1 g5 33. Kf3 exf4 34. gxf4 Kg6 35. fxg5 fxg5 36. Kg4 Rde8 37. Bxg5 Bxg5 38. Rxh8 Rxe4+ 39. Kf3 Re3+ 40. Kf2 Rc3 41. Rg1 Rc2+ 42. Kf3 Kf5 43. Rh5 Rc3+ 44. Ke2 Rc2+ 45. Kd3 1-0

[Event "AUT-chT2M 1112"]
[Site "Austria"]
[Date "2011.10.23"]
[Round "3.3"]
[White "Webersberger, Johann"]
[Black "Radnetter, Georg"]
[Result "1/2-1/2"]
[WhiteElo "2380"]
[BlackElo "2269"]
[PlyCount "41"]
[EventDate "2011.10.21"]
[EventType "team-tourn"]
[EventRounds "11"]
[EventCountry "AUT"]
[SourceTitle "EXT 2013"]
[Source "ChessBase"]
[SourceDate "2012.11.22"]
[SourceVersion "1"]
[SourceVersionDate "2012.11.22"]
[SourceQuality "1"]
[WhiteTeam "Steyregg"]
[BlackTeam "Fuerstenfeld"]
[WhiteTeamCountry "AUT"]
[BlackTeamCountry "AUT"]

1. d3 d5 2. Nf3 Nf6 3. Nbd2 e6 4. g3 c5 5. Bg2 Nc6 6. 0-0 Be7 7. c3 0-0 8. a3 b5 9. b4 Bb7 10. a4 cxb4 11. axb5 bxc3 12. bxc6 cxd2 13. cxb7 dxc1Q 14. bxa8Q Qxd1 15. Qxd8 Qxf1+ 16. Bxf1 Rxd8 17. Rxa7 Bc5 18. Rc7 Bd6 19. Ra7 Bc5 20. Rc7 Bd6 21. Ra7 1/2-1/2

[Event "Oberwart op"]
[Site "Oberwart"]
[Date "2011.07.13"]
[Round "5"]
[White "Radnetter, Georg"]
[Black "Bader, Gerd"]
[Result "1-0"]
[WhiteElo "2257"]
[BlackElo "2018"]
[PlyCount "69"]
[EventDate "2011.07.09"]
[EventType "swiss"]
[EventRounds "9"]
[EventCountry "AUT"]
[SourceTitle "CBM 143 Extra"]
[Source "ChessBase"]
[SourceDate "2011.08.29"]
[SourceVersion "1"]
[SourceVersionDate "2011.08.29"]
[SourceQuality "1"]

1. e4 d6 2. d4 Nf6 3. Nc3 Nbd7 4. Nf3 e5 5. Bc4 Be7 6. 0-0 0-0 7. Re1 c6 8. a4 b6 9. Ba2 a6 10. h3 Bb7 11. dxe5 dxe5 12. Nh4 b5 13. Bg5 b4 14. Nb1 h6 15. Bxf6 Nxf6 16. Ng6 Re8 17. Nxe5 Qc7 18. Nxf7 Kh7 19. e5 Nd5 20. c4 Nb6 21. c5 Nd5 22. Qc2+ g6 23. Nd6 Rf8 24. Bxd5 cxd5 25. Nd2 Bc8 26. Nb3 Bf5 27. Nxf5 Rxf5 28. Nd4 Rxe5 29. Ne6 Rxe1+ 30. Rxe1 Qc6 31. Nf4 Bf8 32. Re6 Qxc5 33. Qxg6+ Kh8 34. Qf7 Bg7 35. Rxh6+ 1-0

[Event "Oberwart op"]
[Site "Oberwart"]
[Date "2011.07.11"]
[Round "3"]
[White "Radnetter, Georg"]
[Black "Haertl, Siegfried"]
[Result "1/2-1/2"]
[WhiteElo "2257"]
[BlackElo "2078"]
[PlyCount "90"]
[EventDate "2011.07.09"]
[EventType "swiss"]
[EventRounds "9"]
[EventCountry "AUT"]
[SourceTitle "CBM 143 Extra"]
[Source "ChessBase"]
[SourceDate "2011.08.29"]
[SourceVersion "1"]
[SourceVersionDate "2011.08.29"]
[SourceQuality "1"]

1. e4 c6 2. d4 d5 3. exd5 cxd5 4. c4 Nf6 5. Nc3 e6 6. Nf3 Nc6 7. Bg5 Be7 8. c5 0-0 9. Bb5 Ne4 10. Bxe7 Nxe7 11. 0-0 f5 12. Rc1 Ng6 13. Re1 a6 14. Bf1 Bd7 15. b4 Rc8 16. Ne5 Nxe5 17. dxe5 Qh4 18. Qd4 Qh6 19. f3 Nxc3 20. Rxc3 g5 21. f4 g4 22. Rb1 Rc7 23. g3 Rfc8 24. Ra1 Qf8 25. Bd3 Ba4 26. Rac1 Kg7 27. Kf2 h5 28. h3 Kg6 29. Rh1 Rh7 30. Rcc1 Qf7 31. Rh2 Rch8 32. Rch1 Bc6 33. Bc2 Qd7 34. Kg1 Ba4 35. Bd3 Bb5 36. Bb1 Bc6 37. Kf2 Qg7 38. Ke3 Kf7 39. h4 Kg6 40. Rb2 Qd7 41. Bc2 Rc8 42. Rhb1 Qe8 43. Bd3 Bb5 44. Bxb5 axb5 45. a3 Ra8 1/2-1/2

[Event "Oberwart op"]
[Site "Oberwart"]
[Date "2011.07.10"]
[Round "2"]
[White "Hera, Imre Jr"]
[Black "Radnetter, Georg"]
[Result "1-0"]
[WhiteElo "2536"]
[BlackElo "2257"]
[PlyCount "57"]
[EventDate "2011.07.09"]
[EventType "swiss"]
[EventRounds "9"]
[EventCountry "AUT"]
[SourceTitle "CBM 143 Extra"]
[Source "ChessBase"]
[SourceDate "2011.08.29"]
[SourceVersion "1"]
[SourceVersionDate "2011.08.29"]
[SourceQuality "1"]

1. d4 Nf6 2. c4 e6 3. Nf3 Bb4+ 4. Bd2 c5 5. Bxb4 cxb4 6. g3 0-0 7. Bg2 d6 8. 0-0 Nc6 9. a3 bxa3 10. Nxa3 Qb6 11. Nb5 Ne7 12. Qc2 a6 13. e4 Nd7 14. Nc3 Rb8 15. Rac1 Qa7 16. Qa4 Nc6 17. Rfd1 b5 18. cxb5 axb5 19. Qxa7 Nxa7 20. b4 Bb7 21. d5 exd5 22. exd5 g6 23. Nd4 Nf6 24. Ra1 Ra8 25. Nc6 Nxd5 26. Ne7+ Nxe7 27. Bxb7 Rac8 28. Bxc8 Nexc8 29. Ra5 1-0

[Event "Oberwart op"]
[Site "Oberwart"]
[Date "2011.07.09"]
[Round "1"]
[White "Radnetter, Georg"]
[Black "Berchtold, Guenter"]
[Result "1-0"]
[WhiteElo "2257"]
[BlackElo "1988"]
[PlyCount "35"]
[EventDate "2011.07.09"]
[EventType "swiss"]
[EventRounds "9"]
[EventCountry "AUT"]
[SourceTitle "CBM 143 Extra"]
[Source "ChessBase"]
[SourceDate "2011.08.29"]
[SourceVersion "1"]
[SourceVersionDate "2011.08.29"]
[SourceQuality "1"]

1. e4 d5 2. exd5 Qxd5 3. Nc3 Qd6 4. d4 Nf6 5. Be3 a6 6. Be2 Nbd7 7. Qd2 e5 8. 0-0-0 Be7 9. Nf3 Ng4 10. h3 Nxe3 11. Qxe3 Qe6 12. Nxe5 0-0 13. Bc4 Qh6 14. Qxh6 gxh6 15. Nd5 Bd8 16. Rhe1 Nb6 17. Nxb6 cxb6 18. Nxf7 1-0

[Event "Oberwart op"]
[Site "Oberwart"]
[Date "2010.07.14"]
[Round "5"]
[White "Newrkla, Katharina"]
[Black "Radnetter, Georg"]
[Result "0-1"]
[WhiteElo "2105"]
[BlackElo "2295"]
[PlyCount "85"]
[EventDate "2010.07.10"]
[EventType "swiss"]
[EventRounds "9"]
[EventCountry "AUT"]
[SourceTitle "CBM 137 Extra"]
[Source "ChessBase"]
[SourceDate "2010.09.01"]
[SourceVersion "1"]
[SourceVersionDate "2010.09.01"]
[SourceQuality "1"]

1. e4 c5 2. Nf3 e6 3. d4 cxd4 4. Nxd4 a6 5. Nc3 Qc7 6. Bd3 Nf6 7. f4 b5 8. Qe2 Bb7 9. Bd2 b4 10. Na4 d5 11. e5 Ne4 12. Be3 Nd7 13. 0-0 Ndc5 14. Nxc5 Bxc5 15. Nb3 Bxe3+ 16. Qxe3 Rc8 17. a3 bxa3 18. Rxa3 0-0 19. Nd4 Nc5 20. Be2 Qb6 21. f5 exf5 22. Nxf5 Rce8 23. Rb3 Qc6 24. Rc3 d4 25. Qg3 g6 26. Bf3 Qb6 27. Rxc5 Bxf3 28. Rxf3 Qxc5 29. Nh6+ Kg7 30. Ng4 d3+ 31. Qf2 Qxf2+ 32. Rxf2 dxc2 33. Rxc2 h5 34. Nf6 Rxe5 35. Nd7 Re1+ 36. Kf2 Rfe8 37. Nc5 Ra1 38. Rd2 Rc8 39. b4 a5 40. Nb3 Rb1 41. Nxa5 Rxb4 42. Rd5 Rc2+ 43. Kf3 0-1

[Event "Oberwart op"]
[Site "Oberwart"]
[Date "2010.07.12"]
[Round "3"]
[White "Stagl, Marco"]
[Black "Radnetter, Georg"]
[Result "1-0"]
[WhiteElo "2106"]
[BlackElo "2295"]
[PlyCount "81"]
[EventDate "2010.07.10"]
[EventType "swiss"]
[EventRounds "9"]
[EventCountry "AUT"]
[SourceTitle "CBM 137 Extra"]
[Source "ChessBase"]
[SourceDate "2010.09.01"]
[SourceVersion "1"]
[SourceVersionDate "2010.09.01"]
[SourceQuality "1"]

1. d4 Nf6 2. c4 e6 3. g3 Bb4+ 4. Bd2 c5 5. Bxb4 cxb4 6. Bg2 0-0 7. Nf3 d6 8. 0-0 Nc6 9. a3 bxa3 10. Nxa3 e5 11. Nb5 e4 12. Nd2 a6 13. Nc3 e3 14. fxe3 Qe7 15. Nde4 Nxe4 16. Bxe4 Bh3 17. Rf4 f5 18. Nd5 Qd8 19. Bh1 Ne7 20. Qb3 Ng6 21. Rf2 Rb8 22. Qb6 Qxb6 23. Nxb6 Rfe8 24. Ra3 Ne7 25. Rf4 g5 26. Rf2 Kg7 27. Rb3 Nc6 28. Bd5 Re7 29. Bg2 Bxg2 30. Kxg2 Kg6 31. Nd5 Re4 32. Rb6 Re6 33. Rf1 a5 34. Kf2 Kf7 35. Ra1 Rh6 36. Kg2 Re6 37. Ra3 Ne7 38. Nc7 Rf6 39. Rxa5 Nc6 40. Ra3 f4 41. Nd5 1-0